000 002770000a22001330004500
003 MACL
040 _aMACL
090 _c34261
_d34259
100 _aWibberley, Mary
245 _aWitchwood
260 _bMills & Boon Limited
_c1978
650 _aFiction
942 _cBOOK
_k823/WIB
999 _c33899
_d33899